000
00332nam a22001457a 4500
008
211018b ||||| |||| 00| 0 eng d
020
_a
0262630869
041
_a
eng
080
_a
574
082
_a
574
100
_a
9
101
_a
MJE
245
_a
The Ecology of Fossils an illustrated guide
_c
McKerrow,W.S
942
_2
udc
_c
BK
999
_c
58243
_d
58243